000 00638nam a22001577a 4500
008 170815b xxu||||| |||| 00| 0 eng d
082 _22011
_aUT 0846
_bAn88
100 _922094
_aAntopina, Cristalyn U.
245 _aThe Level of Use of Mother Tongue and the English Language Proficiency Among Tausug Students in Hagonoy High School/
_cCristalyn U. Antopina, Hannah G. Diez and Jessie C. Lazar.
260 _aDigos City:
_bUMDC
_cMarch 2011.
300 _a69 pages;
_c28 cm.
650 0 _922095
_aEducation
_vEnglish
_xUndergraduate thesis.
700 _922096
_aDiez, Hannah G.
700 _922097
_aLazar, Jessie C.
942 _2ddc
_cUT
999 _c7284
_d7284